| Tag |
First Indicator |
Second Indicator |
Subfields |
| LEADER |
00000cam a2200000 4500 |
| 001 |
in00000072175 |
| 005 |
20151008052433.0 |
| 008 |
761027s1959 ilu b 00000 eng |
| 010 |
|
|
|a 58012162
|
| 035 |
|
|
|a (OCoLC)02533912
|
| 035 |
|
|
|9 AAH3332AM
|
| 040 |
|
|
|a DLC
|c OHI
|d TXA
|d UtOrBLW
|
| 049 |
|
|
|a TXAM
|c [414558]
|
| 050 |
0 |
0 |
|a HV7923
|b .W47
|
| 082 |
0 |
|
|a 351.335174
|
| 092 |
|
|
|a 352.2076
|b W536p
|
| 100 |
1 |
|
|a Weston, Paul B.
|
| 245 |
1 |
0 |
|a Police promotion quizzer ;
|b how to a [as printed] pass police promotion tests; a self-teaching manual, fifty trial examinations, one thousand questions and answers... /
|c By Paul B. Weston and Harry P. McCann.
|
| 264 |
|
1 |
|a Springfield, Ill. :
|b C.C. Thomas,
|c [1959]
|
| 300 |
|
|
|a 300 pages ;
|c 24 cm.
|
| 336 |
|
|
|a text
|b txt
|2 rdacontent
|
| 337 |
|
|
|a unmediated
|b n
|2 rdamedia
|
| 338 |
|
|
|a volume
|b nc
|2 rdacarrier
|
| 504 |
|
|
|a Includes bibliography.
|
| 650 |
|
0 |
|a Police
|v Examinations, questions, etc.
|
| 700 |
1 |
|
|a McCann, Harry P.
|
| 999 |
|
|
|a MARS
|
| 999 |
f |
f |
|s 60028678-bb65-37fb-9df7-551f5a51a721
|i 445d1b7b-dac6-396e-b470-68d0c8521117
|t 0
|
| 952 |
f |
f |
|p ric
|a Texas A&M University
|b Rellis Campus
|c Joint Library Facility
|d Remote Storage
|t 0
|e HV7923 .W47
|h Library of Congress classification
|i unmediated -- volume
|m A14800798105
|
| 998 |
f |
f |
|a HV7923 .W47
|t 0
|l Remote Storage
|